000 00200 a2200097 4500
001 8536
100 _aCallinson,D.
245 _aPlain English
260 _a
_bOpen Unviersity
_c
090 _c6864
_d6864
942 _aNUST-CAE
_cM
_c33449
999 _c243609
_d243609